000 00404nam a2200169Ia 4500
008 230524s9999 xx 000 0 und d
020 _a8123901275
082 _a624.15136
_bSIN
100 _aAlam Singh
245 0 _aBasic Soil Mechanics & Foundations
250 _a1
260 _aNew Delhi
_bCBS
_c2014
300 _a"xiv,470p;"
500 _aQuantity Number: 2
650 _aCivil
942 _cBK
999 _c55337
_d55337